[Event "Mallorca Trophy final"]
[Site "Playchess.com INT"]
[Date "2004.02.08"]
[Round "1.4"]
[White "Nakamura, Hikaru"]
[Black "Hickl, Joerg"]
[Result "1-0"]
[WhiteElo "2571"]
[BlackElo "2554"]
[PlyCount "99"]
[EventDate "2004.02.08"]
[EventType "k.o. (blitz)"]
[EventRounds "2"]
[EventCountry "GER"]
[SourceTitle "CBM 098 Extra"]
[Source "ChessBase"]
[SourceDate "2004.03.10"]
[SourceVersion "2"]
[SourceVersionDate "2004.03.10"]
[SourceQuality "1"]

1. d4 d6 2. e4 g6 3. Nc3 Bg7 4. h3 a6 5. a4 Nc6 6. Be3 e5 7. d5 Nce7 8. g4 f5
9. gxf5 gxf5 10. Nf3 Nf6 11. Rg1 O-O 12. Bd3 f4 13. Bd2 Bxh3 14. Ng5 Bd7 15.
Bc4 Ng6 16. Qe2 Qe8 17. Bb3 f3 18. Qc4 Rc8 19. a5 Nh5 20. Qb4 Rb8 21. O-O-O b5
22. axb6 Rxb6 23. Qa3 Kh8 24. Be3 Rb8 25. Ne6 Bxe6 26. dxe6 Nhf4 27. Qxa6 Nxe6
28. Qa4 Qc8 29. Rxg6 hxg6 30. Rh1+ Kg8 31. Qc4 Re8 32. Nd5 c6 33. Nb4 d5 34.
exd5 cxd5 35. Qxc8 Rbxc8 36. Bxd5 Kf8 37. Bxf3 Nd4 38. Be4 Nf5 39. c3 Re6 40.
Kb1 Nxe3 41. fxe3 Rb8 42. Rg1 Bh6 43. Nd5 Kg7 44. b4 Ra6 45. Kc2 Rf8 46. b5 Rd6
47. c4 Rc8 48. Kb3 Kf7 49. Bxg6+ Ke6 50. Be4 1-0

[Event "Mallorca Trophy final"]
[Site "Playchess.com INT"]
[Date "2004.02.08"]
[Round "2.1"]
[White "Vlassov, Nikolai"]
[Black "Nakamura, Hikaru"]
[Result "1/2-1/2"]
[WhiteElo "2476"]
[BlackElo "2571"]
[PlyCount "61"]
[EventDate "2004.02.08"]
[EventType "k.o. (blitz)"]
[EventRounds "2"]
[EventCountry "GER"]
[SourceTitle "CBM 098 Extra"]
[Source "ChessBase"]
[SourceDate "2004.03.10"]
[SourceVersion "2"]
[SourceVersionDate "2004.03.10"]
[SourceQuality "1"]

1. e4 c5 2. c3 Nf6 3. e5 Nd5 4. d4 cxd4 5. cxd4 d6 6. Nf3 Nc6 7. Bc4 Nb6 8. Bb3
e6 9. Qe2 a5 10. Nc3 a4 11. Bc2 a3 12. O-O axb2 13. Bxb2 Be7 14. d5 Nxd5 15.
Nxd5 exd5 16. exd6 Qxd6 17. Bxg7 Rg8 18. Bb2 Qh6 19. Rfe1 Be6 20. Qb5 Kf8 21.
Qxb7 Rb8 22. Qxc6 Rxg2+ 23. Kh1 Rxb2 24. Qa8+ Kg7 25. Rg1 Bh3 26. Nd4 Rxc2 27.
Nxc2 Qf4 28. Rxg2+ Bxg2+ 29. Kxg2 Qe4+ 30. Kf1 Qc4+ 31. Kg1 1/2-1/2

[Event "Mallorca Trophy final"]
[Site "Playchess.com INT"]
[Date "2004.02.08"]
[Round "2.2"]
[White "Nakamura, Hikaru"]
[Black "Vlassov, Nikolai"]
[Result "1/2-1/2"]
[WhiteElo "2571"]
[BlackElo "2476"]
[PlyCount "92"]
[EventDate "2004.02.08"]
[EventType "k.o. (blitz)"]
[EventRounds "2"]
[EventCountry "GER"]
[SourceTitle "CBM 098 Extra"]
[Source "ChessBase"]
[SourceDate "2004.03.10"]
[SourceVersion "2"]
[SourceVersionDate "2004.03.10"]
[SourceQuality "1"]

1. d4 Nf6 2. Bg5 Ne4 3. Bf4 g5 4. Bc1 Bg7 5. f3 Nd6 6. e4 e5 7. d5 O-O 8. g4 b6
9. c4 Ba6 10. b3 h6 11. Nc3 Re8 12. Bd3 f6 13. Nge2 Nf7 14. Ng3 Bf8 15. Be3 Bb4
16. Qc1 d6 17. Kf2 Nd7 18. h4 Bc5 19. Rh2 Nf8 20. a3 Bc8 21. b4 Bxe3+ 22. Qxe3
Ng6 23. hxg5 fxg5 24. Rah1 Nf4 25. Nh5 a5 26. b5 Rf8 27. Ke1 Nxh5 28. Rxh5 Qf6
29. Ne2 Bd7 30. a4 Kg7 31. R1h3 Rh8 32. Ng3 Qf4 33. Kd2 Rh7 34. Ne2 Qxe3+ 35.
Kxe3 Nh8 36. Rh1 Ng6 37. Ng3 Nf4 38. R5h2 Kg6 39. Nh5 Rf8 40. Nxf4+ Rxf4 41.
Rh5 Kg7 42. Be2 Kg6 43. Rd1 Rhf7 44. Rb1 Kg7 45. Rc1 R7f6 46. Rd1 Rf8 1/2-1/2

[Event "Mallorca Trophy final"]
[Site "Playchess.com INT"]
[Date "2004.02.08"]
[Round "2.3"]
[White "Vlassov, Nikolai"]
[Black "Nakamura, Hikaru"]
[Result "1-0"]
[WhiteElo "2476"]
[BlackElo "2571"]
[PlyCount "97"]
[EventDate "2004.02.08"]
[EventType "k.o. (blitz)"]
[EventRounds "2"]
[EventCountry "GER"]
[SourceTitle "CBM 098 Extra"]
[Source "ChessBase"]
[SourceDate "2004.03.10"]
[SourceVersion "2"]
[SourceVersionDate "2004.03.10"]
[SourceQuality "1"]

1. g4 c5 2. Bg2 Nc6 3. e4 d6 4. Nc3 e5 5. d3 Be6 6. h3 Nge7 7. Nge2 Ng6 8. Nd5
Nh4 9. Kf1 g5 10. c3 h6 11. Ng3 Bg7 12. Nh5 O-O 13. Be3 Ne7 14. Ndf6+ Kh8 15.
Nxg7 Kxg7 16. Nh5+ Kh7 17. d4 cxd4 18. cxd4 Neg6 19. Kg1 Nf4 20. Bxf4 gxf4 21.
f3 f6 22. Qe1 Ng6 23. Qb4 Qb6 24. Qxb6 axb6 25. d5 Bd7 26. Rc1 Rac8 27. Rxc8
Bxc8 28. Kf2 Ne7 29. Rc1 Kg6 30. Rc7 Kf7 31. Ke1 Ke8 32. Kd2 Kd8 33. Rc3 Bd7
34. Bf1 Rf7 35. Ra3 Bc8 36. Bb5 Kc7 37. Ra8 Kd8 38. Kd3 Kc7 39. a4 Rf8 40. Ng7
Ng6 41. Ne8+ Rxe8 42. Bxe8 Nh4 43. Ke2 Ng2 44. b3 Ne3 45. Kd2 Nf1+ 46. Kd3 Ne3
47. Bf7 b5 48. Be6 Bd7 49. Bxd7 1-0

[Event "Mallorca Trophy final"]
[Site "Playchess.com INT"]
[Date "2004.02.08"]
[Round "2.4"]
[White "Nakamura, Hikaru"]
[Black "Vlassov, Nikolai"]
[Result "0-1"]
[WhiteElo "2571"]
[BlackElo "2476"]
[PlyCount "112"]
[EventDate "2004.02.08"]
[EventType "k.o. (blitz)"]
[EventRounds "2"]
[EventCountry "GER"]
[SourceTitle "CBM 098 Extra"]
[Source "ChessBase"]
[SourceDate "2004.03.10"]
[SourceVersion "2"]
[SourceVersionDate "2004.03.10"]
[SourceQuality "1"]

1. e4 c5 2. Nf3 Nc6 3. d4 cxd4 4. Nxd4 g6 5. Be3 Bg7 6. Nc3 Nf6 7. Bc4 O-O 8.
Bb3 a5 9. O-O d6 10. h3 Bd7 11. Qe2 Nxd4 12. Bxd4 Bc6 13. Rad1 Nd7 14. Bxg7
Kxg7 15. f4 a4 16. Bc4 Qb6+ 17. Kh1 Qxb2 18. Qd2 Qb4 19. Qd4+ e5 20. fxe5 dxe5
21. Nd5 Qc5 22. Qc3 Rac8 23. Bd3 Bxd5 24. Qxc5 Rxc5 25. exd5 Rxd5 26. Rb1 Nc5
27. Bc4 Rd4 28. Bb5 Ne4 29. Rfe1 Nc3 30. Rb2 e4 31. a3 f5 32. Bf1 Rf7 33. Kg1
f4 34. Rb6 Rd2 35. Rb4 f3 36. gxf3 exf3 37. Re5 Ne2+ 38. Kf2 Nc3+ 39. Kg1 Rxc2
40. Rc4 Ne2+ 41. Bxe2 Rxe2 42. Rce4 Rxe4 43. Rxe4 f2+ 44. Kf1 b5 45. Rb4 Rf5
46. h4 Kh6 47. Rd4 Kh5 48. Rb4 h6 49. Rd4 g5 50. hxg5 hxg5 51. Rd8 g4 52. Rh8+
Kg5 53. Rg8+ Kh4 54. Rd8 b4 55. Rh8+ Kg3 56. Rd8 Rf3 0-1

[Event "Mallorca Trophy final"]
[Site "Playchess.com INT"]
[Date "2004.02.08"]
[Round "2.5"]
[White "Vlassov, Nikolai"]
[Black "Nakamura, Hikaru"]
[Result "1-0"]
[WhiteElo "2476"]
[BlackElo "2571"]
[PlyCount "101"]
[EventDate "2004.02.08"]
[EventType "k.o. (blitz)"]
[EventRounds "2"]
[EventCountry "GER"]
[SourceTitle "CBM 098 Extra"]
[Source "ChessBase"]
[SourceDate "2004.03.10"]
[SourceVersion "2"]
[SourceVersionDate "2004.03.10"]
[SourceQuality "1"]

1. e4 c5 2. c3 Nf6 3. e5 Nd5 4. d4 cxd4 5. cxd4 d6 6. Nf3 Nc6 7. Bc4 Nb6 8. Bb3
e6 9. Qe2 a5 10. Nc3 a4 11. Bc2 a3 12. O-O axb2 13. Bxb2 d5 14. Rfb1 Be7 15. a4
Nc4 16. Bd3 Nxb2 17. Rxb2 O-O 18. Rab1 g6 19. Bb5 Kg7 20. Bxc6 bxc6 21. Qe3 Ra5
22. Rb8 Qd7 23. Qf4 Ra7 24. h4 h5 25. Ng5 Bd8 26. R8b3 Rb7 27. Rxb7 Bxb7 28.
Ne2 Ba6 29. Nc1 Bc4 30. Nb3 Bxb3 31. Rxb3 Qa7 32. Ra3 c5 33. dxc5 Qxc5 34.
Qxf7+ Rxf7 35. Nxe6+ Kg8 36. Nxc5 Bxh4 37. Nd3 Be7 38. Rb3 Bd8 39. Rb8 Rf8 40.
Rb5 d4 41. a5 Bc7 42. a6 Ra8 43. Rb7 Bb8 44. f4 Ba7 45. Kf2 Bb8 46. Kf3 Ba7 47.
Ke4 Bb8 48. Nc5 Ba7 49. Nd7 d3 50. Nf6+ Kf8 51. e6 1-0

[Event "Mallorca Trophy-A"]
[Site "Playchess.com INT"]
[Date "2004.02.08"]
[Round "1.2"]
[White "Wahls, Matthias"]
[Black "Nakamura, Hikaru"]
[Result "0-1"]
[WhiteElo "2546"]
[BlackElo "2571"]
[PlyCount "152"]
[EventDate "2004.02.08"]
[EventType "tourn (blitz)"]
[EventRounds "12"]
[EventCountry "GER"]
[EventCategory "12"]
[SourceTitle "CBM 098 Extra"]
[Source "ChessBase"]
[SourceDate "2004.03.10"]
[SourceVersion "2"]
[SourceVersionDate "2004.03.10"]
[SourceQuality "1"]

1. c4 Nf6 2. Nc3 g6 3. g3 Bg7 4. Bg2 O-O 5. d3 d6 6. e4 c5 7. Nge2 Nc6 8. O-O
Ne8 9. Nd5 Nc7 10. Rb1 Ne6 11. b4 cxb4 12. Nxb4 Bd7 13. Nd5 b6 14. Be3 Ned4 15.
Nxd4 Nxd4 16. Qd2 e5 17. f4 exf4 18. Bxf4 Be6 19. Bg5 f6 20. Be3 Nc6 21. d4 Na5
22. Rbc1 Rc8 23. c5 b5 24. Nf4 Bd7 25. cxd6 Nc4 26. Qd3 Nxd6 27. d5 a6 28. Bc5
Rxc5 29. Rxc5 Qb6 30. Qe3 f5 31. e5 Nc4 32. Qf2 Nxe5 33. Rc2 Qxf2+ 34. Rfxf2
Ng4 35. Rfe2 Bd4+ 36. Kh1 b4 37. h3 Ne3 38. Rcd2 Ba7 39. d6 Nxg2 40. Kxg2 Rd8
41. Re7 Bc5 42. Kh2 a5 43. Ne6 Bxe6 44. Rxe6 a4 45. d7 Kf7 46. Rc6 Be7 47. Rb6
h5 48. h4 Kg7 49. Kg2 Kf7 50. Kf3 Kg7 51. Ke2 Kf7 52. Rd5 b3 53. axb3 a3 54.
Ra6 f4 55. gxf4 Bxh4 56. Rxa3 Be7 57. Ra6 h4 58. Kd3 h3 59. Ra2 Ke6 60. Ke4 Rb8
61. Ra6+ Kf7 62. f5 Rb4+ 63. Ke5 h2 64. fxg6+ Kg7 65. Ra1 Bf6+ 66. Ke6 Re4+ 67.
Kf5 Re2 68. d8=Q Bxd8 69. Rxd8 Rf2+ 70. Kg5 Rg2+ 71. Kh4 Rg1 72. Rd7+ Kf6 73.
Ra6+ Kf5 74. Rf7+ Ke5 75. Re7+ Kd5 76. Rd7+ Kc5 0-1

[Event "Mallorca Trophy-A"]
[Site "Playchess.com INT"]
[Date "2004.02.08"]
[Round "1.3"]
[White "Nakamura, Hikaru"]
[Black "Wahls, Matthias"]
[Result "1-0"]
[WhiteElo "2571"]
[BlackElo "2546"]
[PlyCount "77"]
[EventDate "2004.02.08"]
[EventType "tourn (blitz)"]
[EventRounds "12"]
[EventCountry "GER"]
[EventCategory "12"]
[SourceTitle "CBM 098 Extra"]
[Source "ChessBase"]
[SourceDate "2004.03.10"]
[SourceVersion "2"]
[SourceVersionDate "2004.03.10"]
[SourceQuality "1"]

1. d4 Nf6 2. c4 e6 3. a3 c5 4. Nf3 cxd4 5. Nxd4 a6 6. g3 Qc7 7. b3 b5 8. Bg2
Bb7 9. Bxb7 Qxb7 10. O-O bxc4 11. bxc4 Nc6 12. Nc3 Bc5 13. Nb3 Be7 14. c5 O-O
15. Rb1 Qa7 16. Na4 Rad8 17. Bf4 Nd5 18. Bd6 Bxd6 19. cxd6 f5 20. Nbc5 Rb8 21.
Qd3 Rb5 22. Rxb5 axb5 23. Qxb5 Rb8 24. Qc4 Ne5 25. Qd4 Nc6 26. Qd2 Ne5 27. Rc1
Nf7 28. Qd4 Ra8 29. Nxe6 Qxd4 30. Nxd4 Nxd6 31. Nc3 Nxc3 32. Rxc3 Ne4 33. Rc7
g6 34. Rxd7 Rxa3 35. Ne6 Ra1+ 36. Kg2 Ra2 37. Rg7+ Kh8 38. Rf7 Kg8 39. Rf8# 1-0

[Event "Mallorca Trophy-A"]
[Site "Playchess.com INT"]
[Date "2004.02.08"]
[Round "1.4"]
[White "Wahls, Matthias"]
[Black "Nakamura, Hikaru"]
[Result "0-1"]
[WhiteElo "2546"]
[BlackElo "2571"]
[PlyCount "82"]
[EventDate "2004.02.08"]
[EventType "tourn (blitz)"]
[EventRounds "12"]
[EventCountry "GER"]
[EventCategory "12"]
[SourceTitle "CBM 098 Extra"]
[Source "ChessBase"]
[SourceDate "2004.03.10"]
[SourceVersion "2"]
[SourceVersionDate "2004.03.10"]
[SourceQuality "1"]

1. c4 e5 2. Nc3 f5 3. d4 d6 4. dxe5 dxe5 5. Qxd8+ Kxd8 6. Bg5+ Be7 7. O-O-O+
Bd7 8. Nf3 Nc6 9. e4 fxe4 10. Nxe4 Nf6 11. Bxf6 gxf6 12. Ng3 Ke8 13. Bd3 Be6
14. b3 Kf7 15. Bf5 a5 16. a4 Rad8 17. Rhe1 Bc5 18. Bxe6+ Kxe6 19. Ne4 Ba3+ 20.
Kb1 Bb4 21. Rf1 h6 22. g4 Rdg8 23. h3 h5 24. g5 f5 25. Nf6 Rg7 26. h4 e4 27.
Nd4+ Nxd4 28. Rxd4 Bc3 29. Rd5 c6 30. Kc2 cxd5 31. cxd5+ Ke5 32. Kxc3 Rc7+ 33.
Kb2 Rhc8 34. f4+ exf3 35. Rxf3 Rc2+ 36. Ka3 Re2 37. Nxh5 Rcc2 38. b4 Ra2+ 39.
Kb3 Reb2+ 40. Kc3 axb4+ 41. Kd3 Rb3+ 0-1

[Event "Mallorca Trophy-A"]
[Site "Playchess.com INT"]
[Date "2004.02.08"]
[Round "2.1"]
[White "Wegerle, Joerg"]
[Black "Nakamura, Hikaru"]
[Result "1/2-1/2"]
[WhiteElo "2382"]
[BlackElo "2571"]
[PlyCount "149"]
[EventDate "2004.02.08"]
[EventType "tourn (blitz)"]
[EventRounds "12"]
[EventCountry "GER"]
[EventCategory "12"]
[SourceTitle "CBM 098 Extra"]
[Source "ChessBase"]
[SourceDate "2004.03.10"]
[SourceVersion "2"]
[SourceVersionDate "2004.03.10"]
[SourceQuality "1"]

1. c4 e5 2. g3 g6 3. Bg2 Bg7 4. Nc3 Nc6 5. e3 Nf6 6. Nge2 O-O 7. O-O d6 8. d4
Bg4 9. f3 Bd7 10. d5 Na5 11. Qd3 c5 12. dxc6 Nxc6 13. Qxd6 Be6 14. Qxd8 Rfxd8
15. b3 e4 16. Ba3 Rd3 17. Rad1 Rxe3 18. Bc5 Rd3 19. Nxe4 Nxe4 20. fxe4 Rad8 21.
Rxd3 Rxd3 22. Nf4 Rd2 23. Nxe6 fxe6 24. Rf2 Rd1+ 25. Rf1 Bd4+ 26. Bxd4 Rxd4 27.
e5 Nxe5 28. Bxb7 Rd2 29. Rf2 Rd1+ 30. Kg2 Kg7 31. Re2 Kf6 32. Be4 a5 33. c5 Ke7
34. Bb7 Nd3 35. c6 Rc1 36. Kh3 Nb4 37. Kg4 Nxc6 38. Bxc6 Rxc6 39. Re5 a4 40.
bxa4 Rc4+ 41. Kg5 Rxa4 42. Re2 Kf7 43. Kh6 Ra5 44. g4 Ra3 45. Rf2+ Kg8 46. Kg5
Kg7 47. Kf4 Kf6 48. g5+ Ke7 49. Rd2 Ra4+ 50. Kf3 e5 51. Kg3 Ke6 52. h4 Ra3+ 53.
Kg4 Rc3 54. Rb2 Rc4+ 55. Kg3 Ra4 56. Rb7 Kf5 57. Rf7+ Ke4 58. Rxh7 Ra3+ 59. Kg4
Rxa2 60. h5 Rg2+ 61. Kh4 gxh5 62. Kxh5 Kf5 63. Rf7+ Ke6 64. Rf1 e4 65. g6 e3
66. Re1 e2 67. g7 Kf5 68. Kh4 Kf4 69. Kh5 Kf5 70. Kh4 Kf4 71. Kh5 Kf3 72. Kh6
Kf2 73. Rxe2+ Kxe2 74. Kh7 Rh2+ 75. Kg6 1/2-1/2

[Event "Mallorca Trophy-A"]
[Site "Playchess.com INT"]
[Date "2004.02.08"]
[Round "2.2"]
[White "Nakamura, Hikaru"]
[Black "Wegerle, Joerg"]
[Result "1-0"]
[WhiteElo "2571"]
[BlackElo "2382"]
[PlyCount "71"]
[EventDate "2004.02.08"]
[EventType "tourn (blitz)"]
[EventRounds "12"]
[EventCountry "GER"]
[EventCategory "12"]
[SourceTitle "CBM 098 Extra"]
[Source "ChessBase"]
[SourceDate "2004.03.10"]
[SourceVersion "2"]
[SourceVersionDate "2004.03.10"]
[SourceQuality "1"]

1. d4 d5 2. c4 c6 3. Nc3 Nf6 4. Nf3 e6 5. e3 Nbd7 6. Qc2 b6 7. Bd2 Bb7 8. cxd5
exd5 9. O-O-O Be7 10. Bd3 c5 11. Kb1 c4 12. Bf5 g6 13. Bh3 Rc8 14. Ne5 Rb8 15.
f3 O-O 16. e4 a6 17. Bf4 Ra8 18. exd5 b5 19. Nc6 Bxc6 20. dxc6 Nb6 21. c7 Qe8
22. Rhe1 Nfd5 23. Bh6 Qc6 24. Bxf8 Bxf8 25. Nxd5 Qxd5 26. Qe4 Qxe4+ 27. Rxe4
Kg7 28. Re5 Bd6 29. Rc5 f5 30. Rc6 Nc8 31. g4 Kf6 32. gxf5 gxf5 33. Re1 Kf7 34.
Bxf5 Ne7 35. Rxe7+ Kxe7 36. c8=Q 1-0

[Event "Mallorca Trophy-A"]
[Site "Playchess.com INT"]
[Date "2004.02.08"]
[Round "2.3"]
[White "Wegerle, Joerg"]
[Black "Nakamura, Hikaru"]
[Result "1-0"]
[WhiteElo "2382"]
[BlackElo "2571"]
[PlyCount "161"]
[EventDate "2004.02.08"]
[EventType "tourn (blitz)"]
[EventRounds "12"]
[EventCountry "GER"]
[EventCategory "12"]
[SourceTitle "CBM 098 Extra"]
[Source "ChessBase"]
[SourceDate "2004.03.10"]
[SourceVersion "2"]
[SourceVersionDate "2004.03.10"]
[SourceQuality "1"]

1. c4 e5 2. g3 Nc6 3. Bg2 f5 4. Nc3 Nf6 5. e3 g6 6. Nge2 Bg7 7. d3 d6 8. O-O
O-O 9. Rb1 a5 10. a3 Be6 11. Nd5 Qd7 12. b4 axb4 13. axb4 Rae8 14. b5 Nd8 15.
b6 c6 16. Nc7 Re7 17. Qc2 Ne8 18. Nxe6 Nxe6 19. f4 Nf6 20. Bd2 Rd8 21. h3 h6
22. Bc3 exf4 23. Nxf4 Nxf4 24. exf4 Nh5 25. Kh2 Rde8 26. Bf3 Re3 27. Bxh5 gxh5
28. Rf2 Qf7 29. Rg1 Qg6 30. Rgg2 Bxc3 31. Qxc3 Kh7 32. Qd2 Qg7 33. Qd1 Qg6 34.
Re2 R8e6 35. Rxe3 Rxe3 36. Qd2 Qe6 37. Qd1 Qe8 38. Qa1 Qe7 39. Qd1 h4 40. Qh5
hxg3+ 41. Rxg3 Rxg3 42. Kxg3 Qe3+ 43. Kg2 Qd2+ 44. Kg1 Qc1+ 45. Kg2 Qc2+ 46.
Kg1 Qb1+ 47. Kg2 Qc2+ 48. Kg1 Qc1+ 49. Kg2 Qd2+ 50. Kg1 Qe1+ 51. Kg2 Qe6 52.
Kf2 Kg7 53. Qf3 Qf6 54. Qe3 Kf7 55. Ke2 Qb2+ 56. Kf1 Qb1+ 57. Kg2 Qc2+ 58. Kg3
Qd1 59. Qd4 Qe1+ 60. Kg2 Qe2+ 61. Kg3 Ke6 62. Kh4 Qf3 63. c5 Qd5 64. Qg7 Qxc5
65. Qxb7 Qf2+ 66. Kh5 Qf3+ 67. Kg6 Qg3+ 68. Kh7 Qxd3 69. Qc8+ Kd5 70. Qg8+ Ke4
71. b7 Kxf4 72. b8=Q c5 73. Qg6 Ke5 74. Qbe8+ Kf4 75. Qxh6+ Kf3 76. Qhh5+ Kg3
77. Qeg6+ Kh2 78. Qgxf5 Qe3 79. Qhg5 Qe2 80. Qgf4+ Kg2 81. Q5g4+ 1-0

[Event "Mallorca Trophy-A"]
[Site "Playchess.com INT"]
[Date "2004.02.08"]
[Round "2.4"]
[White "Nakamura, Hikaru"]
[Black "Wegerle, Joerg"]
[Result "1-0"]
[WhiteElo "2571"]
[BlackElo "2382"]
[PlyCount "97"]
[EventDate "2004.02.08"]
[EventType "tourn (blitz)"]
[EventRounds "12"]
[EventCountry "GER"]
[EventCategory "12"]
[SourceTitle "CBM 098 Extra"]
[Source "ChessBase"]
[SourceDate "2004.03.10"]
[SourceVersion "2"]
[SourceVersionDate "2004.03.10"]
[SourceQuality "1"]

1. d4 e6 2. c4 Nf6 3. Nc3 d5 4. cxd5 exd5 5. Bg5 c6 6. e3 Bf5 7. Qf3 Bg6 8.
Bxf6 Qxf6 9. Qxf6 gxf6 10. h4 Bb4 11. Kd2 Nd7 12. Nge2 a5 13. Nf4 Bd6 14. Nh3
b5 15. Bd3 Nb6 16. b3 a4 17. Kc2 Kd7 18. g3 Ra7 19. Nf4 Bxf4 20. gxf4 Bxd3+ 21.
Kxd3 Rg8 22. Rag1 Raa8 23. b4 f5 24. Ne2 Nc4 25. Ng3 Nd6 26. Nh5 Ke6 27. f3 f6
28. Ng3 Rg6 29. h5 Rg7 30. h6 Rg6 31. Nh5 Kf7 32. Ng7 Rg8 33. Rc1 Rc8 34. Rc2
Rg3 35. Rf2 Rg8 36. Rc1 Rc8 37. Rfc2 Nc4 38. Nxf5 Rxf3 39. Ke2 Rh3 40. Rxc4 Rg8
41. Rxc6 Rg2+ 42. Kd3 Rxa2 43. Rc7+ Kg6 44. Ne7+ Kxh6 45. Ng8+ Kg6 46. Ne7+ Kh6
47. Nxd5 Ra3+ 48. Ke4 f5+ 49. Ke5 1-0

[Event "Mallorca Trophy-A"]
[Site "Playchess.com INT"]
[Date "2004.02.08"]
[Round "3.2"]
[White "McShane, Luke J"]
[Black "Nakamura, Hikaru"]
[Result "0-1"]
[WhiteElo "2651"]
[BlackElo "2571"]
[PlyCount "84"]
[EventDate "2004.02.08"]
[EventType "tourn (blitz)"]
[EventRounds "12"]
[EventCountry "GER"]
[EventCategory "12"]
[SourceTitle "CBM 098 Extra"]
[Source "ChessBase"]
[SourceDate "2004.03.10"]
[SourceVersion "2"]
[SourceVersionDate "2004.03.10"]
[SourceQuality "1"]

1. e4 c5 2. Nf3 d6 3. Bb5+ Bd7 4. Bxd7+ Qxd7 5. c4 Nc6 6. Nc3 g6 7. d4 cxd4 8.
Nxd4 Bg7 9. Nde2 Nf6 10. O-O O-O 11. f3 Rfc8 12. Be3 Qd8 13. b3 a6 14. a4 Nd7
15. Rb1 Nc5 16. Nd5 e6 17. Ndc3 Nb4 18. Rb2 Qe7 19. Rd2 Rd8 20. Bd4 Bh6 21. f4
e5 22. Be3 exf4 23. Bxf4 Bxf4 24. Rxf4 Re8 25. Ng3 Rad8 26. Qf3 Nxb3 27. Rb2
Nd4 28. Qe3 Ndc6 29. h4 d5 30. cxd5 Rxd5 31. Nce2 Rd1+ 32. Rf1 Rxf1+ 33. Kxf1
Ne5 34. h5 Nc4 35. Qd4 Nxb2 36. Qxb2 Nd3 37. Qd4 Rd8 38. Qe3 Qf6+ 39. Kg1 Ne5
40. Nf4 Rd1+ 41. Nf1 g5 42. Qe2 Rxf1+ 0-1

[Event "Mallorca Trophy-A"]
[Site "Playchess.com INT"]
[Date "2004.02.08"]
[Round "3.3"]
[White "Nakamura, Hikaru"]
[Black "McShane, Luke J"]
[Result "0-1"]
[WhiteElo "2571"]
[BlackElo "2651"]
[PlyCount "116"]
[EventDate "2004.02.08"]
[EventType "tourn (blitz)"]
[EventRounds "12"]
[EventCountry "GER"]
[EventCategory "12"]
[SourceTitle "CBM 098 Extra"]
[Source "ChessBase"]
[SourceDate "2004.03.10"]
[SourceVersion "2"]
[SourceVersionDate "2004.03.10"]
[SourceQuality "1"]

1. d4 Nf6 2. c4 g6 3. Nc3 d5 4. Bg5 Bg7 5. Bxf6 Bxf6 6. cxd5 c6 7. e3 cxd5 8.
Bb5+ Kf8 9. Nge2 Kg7 10. Qb3 e6 11. O-O a6 12. Bd3 Nc6 13. Rac1 Be7 14. Na4 Na5
15. Qb6 Bd7 16. Qxd8 Bxd8 17. Nc5 Bc6 18. b4 Nc4 19. Bxc4 dxc4 20. Rxc4 Bd5 21.
Rc2 b6 22. Nd3 Be7 23. f3 Rhc8 24. Rfc1 Rxc2 25. Rxc2 Bd8 26. Nc3 Bb7 27. Ne4
Rc8 28. Rxc8 Bxc8 29. Nd6 Bd7 30. Ne5 Ba4 31. Ndxf7 Be7 32. a3 Be8 33. Nc4 b5
34. Nfd6 bxc4 35. Nxc4 Bb5 36. Nd2 a5 37. bxa5 Bxa3 38. Kf2 Bb4 39. Ne4 Bxa5
40. Nd6 Bd7 41. Ne4 Bc6 42. Ng5 Bd7 43. Ne4 Kf8 44. Nc5 Bc8 45. Nd3 Ke7 46. Ne5
Bc7 47. g3 Bxe5 48. dxe5 Ba6 49. e4 Bb5 50. h4 Ba4 51. Ke2 h6 52. g4 Kd7 53. f4
Bc2 54. Ke3 Ke7 55. Kd4 Bd1 56. g5 h5 57. Kc5 Bc2 58. Kd4 Kd7 0-1

[Event "Reykjavik op 21st"]
[Site "Reykjavik"]
[Date "2004.03.15"]
[Round "8"]
[White "Vidarsson, Jon Gardar"]
[Black "Nakamura, Hikaru"]
[Result "0-1"]
[WhiteElo "2333"]
[BlackElo "2571"]
[PlyCount "54"]
[EventDate "2004.03.07"]
[EventType "swiss"]
[EventRounds "9"]
[EventCountry "ISL"]
[SourceTitle "CBM 099 Extra"]
[Source "ChessBase"]
[SourceDate "2004.05.04"]
[SourceVersion "1"]
[SourceVersionDate "2004.05.04"]
[SourceQuality "1"]

1. e4 c5 2. Nc3 d6 3. Bb5+ Nd7 4. a4 Ngf6 5. f4 a6 6. Bc4 b6 7. Nf3 e6 8. Qe2
Bb7 9. d3 Be7 10. O-O O-O 11. Ba2 Bc6 12. d4 d5 13. exd5 exd5 14. Kh1 Bd6 15.
Ne5 Bb7 16. Qf3 cxd4 17. Nxd7 Qxd7 18. Nxd5 Bc5 19. Nxf6+ gxf6 20. Qh5 Kh8 21.
Bd2 Rg8 22. Rg1 Qc6 23. Qh3 d3 24. Bxf7 Rg7 25. Bb3 Bxg1 26. Rxg1 dxc2 27. Qc3
Qxc3 0-1

[Event "Canarias en Red prel 1st"]
[Site "Playchess.com INT"]
[Date "2004.05.03"]
[Round "4"]
[White "Nakamura, Hikaru"]
[Black "Klenburg, Mikhail"]
[Result "1-0"]
[WhiteElo "2571"]
[BlackElo "2412"]
[PlyCount "37"]
[EventDate "2004.05.03"]
[EventType "swiss (blitz)"]
[EventRounds "13"]
[EventCountry "GER"]
[SourceTitle "EXT 2005"]
[Source "ChessBase"]
[SourceDate "2004.11.15"]
[SourceVersion "1"]
[SourceVersionDate "2004.11.15"]
[SourceQuality "1"]

1. d4 d6 2. e4 Nf6 3. Nc3 g6 4. h3 Bg7 5. g4 O-O 6. Bg2 c5 7. Nge2 cxd4 8. Nxd4
Qb6 9. Nde2 Nc6 10. O-O a6 11. Be3 Qxb2 12. a3 Be6 13. Qd2 Na5 14. Rfb1 Nc4 15.
Rxb2 Nxd2 16. Bxd2 Nd7 17. Rxb7 Nc5 18. Rxe7 Rac8 19. Re1 1-0

[Event "Canarias en Red prel 1st"]
[Site "Playchess.com INT"]
[Date "2004.05.03"]
[Round "5"]
[White "Miljkovic, Miroslav M"]
[Black "Nakamura, Hikaru"]
[Result "0-1"]
[WhiteElo "2390"]
[BlackElo "2571"]
[PlyCount "138"]
[EventDate "2004.05.03"]
[EventType "swiss (blitz)"]
[EventRounds "13"]
[EventCountry "GER"]
[SourceTitle "EXT 2005"]
[Source "ChessBase"]
[SourceDate "2004.11.15"]
[SourceVersion "1"]
[SourceVersionDate "2004.11.15"]
[SourceQuality "1"]

1. d4 Nf6 2. c4 g6 3. Nc3 Bg7 4. e4 d6 5. h3 O-O 6. Bg5 Na6 7. Nf3 Qe8 8. g3 e5
9. d5 Nc5 10. Nd2 a5 11. Bg2 Nd3+ 12. Ke2 Nc5 13. Qc2 c6 14. Nb3 Nfd7 15. Rad1
Nxb3 16. axb3 Nc5 17. dxc6 Qxc6 18. Nd5 Kh8 19. Bf6 Ne6 20. Qd3 Nd4+ 21. Kf1
Be6 22. f4 Bxd5 23. exd5 Qb6 24. fxe5 dxe5 25. Bxg7+ Kxg7 26. Kg1 Nxb3+ 27. Kh2
Nc5 28. Qe3 Qd6 29. Rhe1 f6 30. Ra1 b6 31. Qc3 Rfc8 32. b4 axb4 33. Qxb4 Nb7
34. Qxd6 Nxd6 35. Rxa8 Rxa8 36. Rb1 Nxc4 37. Rb4 Rc8 38. Bf1 Ne3 39. Ba6 Rc2+
40. Kg1 Nxd5 41. Rb5 Nc7 42. Rxb6 Nxa6 43. Rxa6 h5 44. Rd6 g5 45. Re6 Kg6 46.
Ra6 Kf5 47. Ra4 Rd2 48. Rb4 Rd4 49. Rb3 h4 50. Kg2 Rd2+ 51. Kf1 hxg3 52. Rxg3
Kf4 53. Ra3 e4 54. Ke1 Rd3 55. Ra6 f5 56. Rh6 Ra3 57. h4 gxh4 58. Rxh4+ Ke5 59.
Rh8 Ra2 60. Rc8 Kd4 61. Rb8 Ke5 62. Rb3 f4 63. Rb5+ Kf6 64. Rc5 f3 65. Rc6+ Kf5
66. Rc5+ Kf4 67. Rc4 Kg3 68. Rxe4 f2+ 69. Kf1 Ra1+ 0-1